[Event "Marshall CC Winter"]
[Site "New York"]
[Date "1998.12.15"]
[Round "4"]
[White "Vulicevic, Nenad"]
[Black "Paschall, William M"]
[Result "1/2-1/2"]
[WhiteElo "2370"]
[BlackElo "2365"]
[PlyCount "30"]
[EventDate "1998.12.??"]
[EventType "tourn"]
[EventRounds "9"]
[EventCountry "USA"]
[EventCategory "7"]
[SourceTitle "EXT 2000"]
[Source "ChessBase"]
[SourceDate "1999.11.16"]
[SourceVersion "1"]
[SourceVersionDate "1999.11.16"]
[SourceQuality "1"]

1. Nf3 g6 2. g3 Bg7 3. d4 Nf6 4. c4 0-0 5. Bg2 c6 6. 0-0 d6 7. Nc3 Qb6 8. h3 Qa6 9. Qd3 Be6 10. b3 d5 11. Ne5 Rd8 12. cxd5 Qxd3 13. Nxd3 Nxd5 14. Nxd5 Bxd5 15. e3 Bxg2 1/2-1/2

[Event "Marshall CC int prel"]
[Site "New York"]
[Date "1995.??.??"]
[Round "5"]
[White "Ariel, Donny"]
[Black "Vulicevic, Nenad"]
[Result "1/2-1/2"]
[WhiteElo "2270"]
[BlackElo "2315"]
[PlyCount "84"]
[EventDate "1995.08.??"]
[EventType "tourn"]
[EventRounds "5"]
[EventCountry "USA"]
[SourceTitle "EXT 2002"]
[Source "ChessBase"]
[SourceDate "2001.11.25"]
[SourceVersion "1"]
[SourceVersionDate "2001.11.25"]
[SourceQuality "1"]

1. e4 d6 2. d4 Nf6 3. Nc3 g6 4. f4 Bg7 5. Nf3 c5 6. Bb5+ Bd7 7. e5 Ng4 8. Bxd7+ Qxd7 9. d5 dxe5 10. h3 e4 11. Nxe4 Nf6 12. Nxf6+ Bxf6 13. 0-0 0-0 14. Be3 b6 15. Rb1 e6 16. dxe6 Qxe6 17. Re1 Rd8 18. Qc1 Qxa2 19. b3 Nc6 20. f5 Qa5 21. fxg6 hxg6 22. Bg5 Qc3 23. Bd2 Rxd2 24. Qxd2 Qxd2 25. Nxd2 Bc3 26. Red1 Nb4 27. Nf3 Nxc2 28. Rd7 Bf6 29. Rf1 Kg7 30. h4 Ne3 31. Re1 Nf5 32. Ne5 Bxe5 33. Rxe5 Nd4 34. Ree7 Rf8 35. g4 Nxb3 36. Rxa7 Nd4 37. Rab7 Nf3+ 38. Kf2 Nxh4 39. Rxb6 g5 40. Rc7 Ng6 41. Rxc5 f6 42. Kg3 Ne5 1/2-1/2

[Event "New York MCC"]
[Site "New York"]
[Date "1995.??.??"]
[Round "?"]
[White "Vulicevic, Nenad"]
[Black "Brooks, Michael A"]
[Result "1/2-1/2"]
[WhiteElo "2295"]
[BlackElo "2445"]
[PlyCount "94"]
[EventDate "1995.??.??"]
[EventType "swiss"]
[EventRounds "7"]
[EventCountry "USA"]
[SourceTitle "EXT 2002"]
[Source "ChessBase"]
[SourceDate "2001.11.25"]
[SourceVersion "1"]
[SourceVersionDate "2001.11.25"]
[SourceQuality "1"]

1. Nf3 Nf6 2. c4 g6 3. g3 Bg7 4. Bg2 0-0 5. Nc3 d6 6. d4 Nc6 7. d5 Na5 8. Nd2 c5 9. Qc2 a6 10. Rb1 Rb8 11. b3 b5 12. Bb2 bxc4 13. bxc4 Bh6 14. f4 e5 15. dxe6 Bxe6 16. Nd5 Bg7 17. Bxf6 Rxb1+ 18. Kf2 Bxf6 19. Nxf6+ Qxf6 20. Rxb1 Bf5 21. Qb2 Qe7 22. e4 Be6 23. Qc3 Nc6 24. e5 Nd4 25. Rb7 Qd8 26. exd6 Bc8 27. Ra7 Qxd6 28. Bd5 Qb6 29. Re7 Bf5 30. Rb7 Qd8 31. Nf3 Bc8 32. Ra7 Qb6 33. Re7 Qd6 34. Ra7 Nb5 35. Qd2 Qb6 36. Rxf7 Rxf7 37. Bxf7+ Kxf7 38. Ng5+ Kg7 39. cxb5 axb5 40. Qc3+ Kg8 41. Qe3 Qc6 42. Qe7 Qd7 43. Qxc5 Qd2+ 44. Kf1 Qd1+ 45. Kf2 Qd2+ 46. Kf1 Qd1+ 47. Kf2 Qd2+ 1/2-1/2

[Event "Marshall CC int prel"]
[Site "New York"]
[Date "1995.??.??"]
[Round "4"]
[White "Vulicevic, Nenad"]
[Black "Ippolito, Dean"]
[Result "1-0"]
[WhiteElo "2315"]
[BlackElo "2270"]
[PlyCount "79"]
[EventDate "1995.08.??"]
[EventType "tourn"]
[EventRounds "5"]
[EventCountry "USA"]
[SourceTitle "EXT 2002"]
[Source "ChessBase"]
[SourceDate "2001.11.25"]
[SourceVersion "1"]
[SourceVersionDate "2001.11.25"]
[SourceQuality "1"]

1. Nf3 Nf6 2. c4 e6 3. g3 b6 4. Bg2 Bb7 5. 0-0 Be7 6. b3 0-0 7. Bb2 c5 8. Nc3 d5 9. cxd5 Nxd5 10. Rc1 Nd7 11. d4 Rc8 12. Qd2 Bf6 13. Ne4 Be7 14. Rfd1 N7f6 15. Ne5 cxd4 16. Qxd4 Rxc1 17. Rxc1 Nxe4 18. Bxe4 Bc5 19. Qd3 f5 20. Bf3 Qe7 21. Qb5 Rd8 22. Nc6 Bxc6 23. Qxc6 Nb4 24. Qa4 Rd2 25. a3 Bxf2+ 26. Kf1 Rxb2 27. axb4 Bd4 28. Rc7 Rb1+ 29. Kg2 Qf8 30. Qd7 Rg1+ 31. Kh3 h6 32. Rc8 Qxc8 33. Qxc8+ Kh7 34. Qxe6 g5 35. Qd7+ Kg6 36. Qxd4 Rb1 37. Qd6+ Kh7 38. Qf6 g4+ 39. Bxg4 fxg4+ 40. Kxg4 1-0

[Event "Marshall CC Summer int"]
[Site "New York"]
[Date "1994.??.??"]
[Round "?"]
[White "Solomons, Deon"]
[Black "Vulicevic, Nenad"]
[Result "0-1"]
[WhiteElo "2275"]
[BlackElo "2290"]
[PlyCount "84"]
[EventDate "1994.06.10"]
[EventType "tourn"]
[EventRounds "9"]
[EventCountry "USA"]
[EventCategory "4"]
[SourceTitle "EXT 2002"]
[Source "ChessBase"]
[SourceDate "2001.11.25"]
[SourceVersion "1"]
[SourceVersionDate "2001.11.25"]
[SourceQuality "1"]

1. Nf3 c5 2. c4 Nf6 3. g3 b6 4. Bg2 Bb7 5. 0-0 g6 6. Nc3 Bg7 7. d4 cxd4 8. Qxd4 Nc6 9. Qd2 Na5 10. Qd3 Rc8 11. Nd2 Bxg2 12. Kxg2 Qc7 13. e4 0-0 14. b3 Nb7 15. Bb2 Nc5 16. Qe2 Qb7 17. Kg1 d6 18. Rad1 h5 19. Rfe1 Rfe8 20. Nb5 a6 21. Nd4 Bh6 22. N4f3 Bg7 23. Ng5 b5 24. e5 Ng4 25. e6 Nxe6 26. Nxf7 Nd4 27. Bxd4 Bxd4 28. Ne4 Qb6 29. Rxd4 Qxd4 30. Rd1 Qg7 31. Nfg5 bxc4 32. bxc4 Qe5 33. h3 Nf6 34. f4 Qa5 35. Qd3 Qf5 36. Re1 Nxe4 37. Rxe4 Rb8 38. Qc2 Rb7 39. c5 Qxc5+ 40. Qxc5 dxc5 41. Rc4 Rd8 42. Nf3 Rb2 0-1

[Event "Marshall CC Summer int"]
[Site "New York"]
[Date "1994.??.??"]
[Round "?"]
[White "Vulicevic, Nenad"]
[Black "Friedman, Josef"]
[Result "1-0"]
[WhiteElo "2290"]
[BlackElo "2305"]
[PlyCount "89"]
[EventDate "1994.06.10"]
[EventType "tourn"]
[EventRounds "9"]
[EventCountry "USA"]
[EventCategory "4"]
[SourceTitle "EXT 2002"]
[Source "ChessBase"]
[SourceDate "2001.11.25"]
[SourceVersion "1"]
[SourceVersionDate "2001.11.25"]
[SourceQuality "1"]

1. Nf3 Nf6 2. c4 c5 3. Nc3 Nc6 4. g3 g6 5. Bg2 Bg7 6. 0-0 d6 7. d4 Bg4 8. dxc5 dxc5 9. Be3 b6 10. h3 Bd7 11. Qc1 0-0 12. Bh6 a6 13. Rd1 Qc8 14. Nd5 Rb8 15. Ne5 Nxd5 16. Nxd7 Qxd7 17. Bxg7 Kxg7 18. Rxd5 Qc7 19. e3 Rfd8 20. Qc3+ f6 21. a3 e6 22. Rdd1 Ne5 23. f4 Nf7 24. Kf2 Rxd1 25. Rxd1 Rd8 26. Rxd8 Qxd8 27. Ke2 Qd6 28. Qd3 Qxd3+ 29. Kxd3 Nd6 30. b4 Kf7 31. g4 Ke7 32. h4 Kd7 33. Bf3 Kc7 34. g5 f5 35. bxc5 bxc5 36. h5 Nc8 37. h6 Ne7 38. Kc3 Kb6 39. Kb3 Nc8 40. e4 Nd6 41. exf5 Nxf5 42. Be4 Kc7 43. Ka4 Kb6 44. Bf3 Nd4 45. Bh5 1-0

[Event "New York ACC"]
[Site "New York"]
[Date "1993.??.??"]
[Round "4"]
[White "Ashley, Maurice"]
[Black "Vulicevic, Nenad"]
[Result "1-0"]
[WhiteElo "2365"]
[BlackElo "2320"]
[PlyCount "57"]
[EventDate "1993.??.??"]
[EventType "tourn"]
[EventRounds "11"]
[EventCountry "USA"]
[EventCategory "3"]
[SourceTitle "EXT 1997"]
[Source "ChessBase"]
[SourceDate "1996.11.15"]
[SourceVersion "1"]
[SourceVersionDate "1996.11.15"]
[SourceQuality "1"]

1. d4 Nf6 2. c4 e6 3. Nf3 b6 4. e3 Bb7 5. Bd3 Be7 6. 0-0 0-0 7. Nc3 d5 8. b3 Nbd7 9. Bb2 c5 10. Qe2 Bd6 11. Rad1 Qe7 12. cxd5 exd5 13. Ba6 Bc6 14. e4 dxe4 15. d5 Nb8 16. dxc6 Nxa6 17. Nh4 Nb4 18. Nf5 Bxh2+ 19. Kxh2 Qe5+ 20. Ng3 Qg5 21. Ncxe4 Qh4+ 22. Kg1 Ng4 23. Rfe1 Nxc6 24. Bxg7 f5 25. Bxf8 Rxf8 26. Nxc5 f4 27. Qc4+ Kh8 28. Qc3+ Kg8 29. Ne6 1-0

[Event "New York op"]
[Site "New York"]
[Date "1993.??.??"]
[Round "7"]
[White "Dranov, Aleksandar"]
[Black "Vulicevic, Nenad"]
[Result "1/2-1/2"]
[WhiteElo "2340"]
[BlackElo "2320"]
[PlyCount "34"]
[EventDate "1993.04.07"]
[EventType "swiss"]
[EventRounds "9"]
[EventCountry "USA"]
[SourceTitle "TD"]
[Source "ChessBase"]
[SourceDate "1994.03.01"]
[SourceVersion "1"]
[SourceVersionDate "1994.03.01"]
[SourceQuality "1"]

1. e4 c5 2. Nf3 d6 3. d4 cxd4 4. Nxd4 Nf6 5. Nc3 Nc6 6. Be3 e5 7. Nb3 Be6 8. Be2 d5 9. exd5 Nxd5 10. Nxd5 Qxd5 11. 0-0 0-0-0 12. Qxd5 Bxd5 13. f4 exf4 14. Bxf4 Bd6 15. Bg4+ Kc7 16. Rad1 Bxf4 17. Rxf4 Ne5 1/2-1/2

[Event "New York Marshall"]
[Site "New York"]
[Date "1993.??.??"]
[Round "?"]
[White "Ginsburg, Mark"]
[Black "Vulicevic, Nenad"]
[Result "1-0"]
[WhiteElo "2405"]
[BlackElo "2320"]
[PlyCount "43"]
[EventDate "1993.??.??"]
[EventType "tourn"]
[EventRounds "9"]
[EventCountry "USA"]
[SourceTitle "EXT 1999"]
[Source "ChessBase"]
[SourceDate "1998.11.16"]
[SourceVersion "1"]
[SourceVersionDate "1998.11.16"]
[SourceQuality "1"]

1. c4 Nf6 2. Nc3 c5 3. Nf3 e6 4. g3 b6 5. Bg2 Bb7 6. 0-0 Be7 7. b3 0-0 8. d4 cxd4 9. Qxd4 d6 10. Ba3 d5 11. Bxe7 Qxe7 12. cxd5 Nxd5 13. Nxd5 Bxd5 14. Rac1 Nc6 15. Qf4 Qb4 16. Rfd1 Rac8 17. Qe3 Qa3 18. Ng5 h6 19. Nxf7 Bxg2 20. Nxh6+ Kh7 21. Kxg2 gxh6 22. Rd7+ 1-0

[Event "New York Marshall"]
[Site "New York"]
[Date "1993.??.??"]
[Round "?"]
[White "Somlai, Laszlo"]
[Black "Vulicevic, Nenad"]
[Result "1/2-1/2"]
[WhiteElo "2385"]
[BlackElo "2320"]
[PlyCount "49"]
[EventDate "1993.??.??"]
[EventType "tourn"]
[EventRounds "9"]
[EventCountry "USA"]
[SourceTitle "EXT 1999"]
[Source "ChessBase"]
[SourceDate "1998.11.16"]
[SourceVersion "1"]
[SourceVersionDate "1998.11.16"]
[SourceQuality "1"]

1. e4 e6 2. d4 d5 3. Nc3 dxe4 4. Nxe4 Nd7 5. Nf3 Ngf6 6. Nxf6+ Nxf6 7. Bg5 Be7 8. Bd3 c5 9. dxc5 Qa5+ 10. c3 Qxc5 11. Qe2 a6 12. 0-0-0 h6 13. Bh4 b5 14. Ne5 Bb7 15. f4 Rd8 16. Rhe1 0-0 17. Ng6 Rfe8 18. Nxe7+ Qxe7 19. Bc2 Rxd1+ 20. Rxd1 Rd8 21. Rxd8+ Qxd8 22. g3 Qd5 23. Bxf6 gxf6 24. Bb3 Qh1+ 25. Kd2 1/2-1/2

[Event "New York Marshall"]
[Site "New York"]
[Date "1993.??.??"]
[Round "?"]
[White "Vulicevic, Nenad"]
[Black "Moskow, Eric"]
[Result "1-0"]
[WhiteElo "2320"]
[BlackElo "2235"]
[PlyCount "80"]
[EventDate "1993.??.??"]
[EventType "tourn"]
[EventRounds "9"]
[EventCountry "USA"]
[SourceTitle "EXT 1999"]
[Source "ChessBase"]
[SourceDate "1998.11.16"]
[SourceVersion "1"]
[SourceVersionDate "1998.11.16"]
[SourceQuality "1"]

1. c4 e6 2. Nf3 Nf6 3. g3 b6 4. Bg2 Bb7 5. 0-0 Be7 6. Nc3 0-0 7. Qc2 c5 8. b3 Nc6 9. Bb2 d5 10. d3 d4 11. Nb1 Rb8 12. a3 a5 13. Nbd2 h6 14. e3 e5 15. exd4 exd4 16. Rfe1 Re8 17. Re2 Qd7 18. Rae1 Bd6 19. Ne4 Nxe4 20. Rxe4 Rxe4 21. Rxe4 f5 22. Re2 g5 23. Qd2 Be7 24. Qe1 Bf6 25. Re6 Kf7 26. Nd2 Re8 27. Rxe8 Qxe8 28. Bd5+ Kf8 29. Qd1 g4 30. Bc1 Bg5 31. Nf1 Qe7 32. h4 Bxc1 33. Qxc1 Kg7 34. Qf4 Qd7 35. f3 Nd8 36. Qe5+ Kh7 37. Bxb7 Nxb7 38. fxg4 fxg4 39. Qe4+ Kg7 40. h5 Nd6 1-0

[Event "New York Marshall CC"]
[Site "New York"]
[Date "1993.??.??"]
[Round "3"]
[White "Vulicevic, Nenad"]
[Black "Olesen, Martin"]
[Result "1/2-1/2"]
[WhiteElo "2320"]
[BlackElo "2350"]
[PlyCount "76"]
[EventDate "1993.??.??"]
[EventType "tourn"]
[EventRounds "11"]
[EventCountry "USA"]
[EventCategory "4"]
[SourceTitle "CBM 035 Extra"]
[Source "ChessBase"]
[SourceDate "1993.09.01"]
[SourceVersion "1"]
[SourceVersionDate "1993.09.01"]
[SourceQuality "1"]

1. e4 c5 2. c3 d6 3. d4 Nf6 4. dxc5 Nc6 5. f3 d5 6. exd5 Nxd5 7. c4 Qa5+ 8. Bd2 Ndb4 9. Nc3 Bf5 10. Nd5 0-0-0 11. a3 Nc2+ 12. Qxc2 Bxc2 13. Bxa5 Nxa5 14. b4 Nb3 15. Ra2 Nd4 16. Ne3 Ba4 17. Ne2 g6 18. Nxd4 Rxd4 19. Be2 Bh6 20. Kf2 Rhd8 21. g3 Bb3 22. Rb2 Bxe3+ 23. Kxe3 Bxc4 24. h4 Bxe2 25. Rxe2 e6 26. Rf1 Rd3+ 27. Kf4 R8d5 28. Re3 Rxe3 29. Kxe3 Kc7 30. Rc1 Kc6 31. g4 Kb5 32. g5 a6 33. Ke4 Kc6 34. f4 h5 35. Rc3 Kb5 36. Rc1 a5 37. Rb1 axb4 38. axb4 Kc6 1/2-1/2

[Event "New York ACC"]
[Site "New York"]
[Date "1993.??.??"]
[Round "9"]
[White "Vulicevic, Nenad"]
[Black "Shapiro, Daniel E"]
[Result "1-0"]
[WhiteElo "2320"]
[BlackElo "2320"]
[PlyCount "115"]
[EventDate "1993.??.??"]
[EventType "tourn"]
[EventRounds "11"]
[EventCountry "USA"]
[EventCategory "3"]
[SourceTitle "EXT 1997"]
[Source "ChessBase"]
[SourceDate "1996.11.15"]
[SourceVersion "1"]
[SourceVersionDate "1996.11.15"]
[SourceQuality "1"]

1. e4 e5 2. Nf3 Nc6 3. Bb5 a6 4. Ba4 Nf6 5. 0-0 Be7 6. Re1 b5 7. Bb3 d6 8. c3 0-0 9. h3 Bb7 10. d4 Re8 11. a4 h6 12. d5 Nb8 13. c4 bxc4 14. Bxc4 a5 15. Nc3 Bf8 16. Be3 Na6 17. Bb5 Nd7 18. Nd2 Kh7 19. Nc4 Nb4 20. Qb3 c6 21. dxc6 Bxc6 22. Red1 Re6 23. Rd2 Rg6 24. Bxc6 Nxc6 25. Na3 Kg8 26. Nab5 Qh4 27. Kf1 Re8 28. Rad1 Ree6 29. Nc7 Ref6 30. N7d5 Re6 31. Qb5 Ndb8 32. Qb7 Re8 33. Qb5 Qh5 34. Nc7 Rc8 35. Qb7 Rd8 36. N7d5 f5 37. Qb3 Kh8 38. exf5 Qxf5 39. Qc2 Qf7 40. Qe4 Nb4 41. Bb6 Rc8 42. Bxa5 N4c6 43. Bb6 Nd7 44. b4 Ncb8 45. Be3 Re6 46. g4 Nc6 47. Kg2 g6 48. Nb5 Nd4 49. Nxd4 exd4 50. Bxd4+ Kh7 51. Qf3 Qe8 52. b5 Rc4 53. a5 Bg7 54. Bxg7 Kxg7 55. Qb3 Rc5 56. b6 Re1 57. Qb2+ Kh7 58. Rxe1 1-0

[Event "New York Marshall"]
[Site "New York"]
[Date "1993.??.??"]
[Round "?"]
[White "Vulicevic, Nenad"]
[Black "Shirazi, Kamran"]
[Result "1-0"]
[WhiteElo "2320"]
[BlackElo "2460"]
[PlyCount "46"]
[EventDate "1993.??.??"]
[EventType "tourn"]
[EventRounds "9"]
[EventCountry "USA"]
[SourceTitle "EXT 1999"]
[Source "ChessBase"]
[SourceDate "1998.11.16"]
[SourceVersion "1"]
[SourceVersionDate "1998.11.16"]
[SourceQuality "1"]

1. e4 c5 2. Nf3 d6 3. d4 cxd4 4. Nxd4 Nf6 5. Nc3 Nc6 6. g3 Bg4 7. f3 Bd7 8. Be3 g6 9. g4 Bg7 10. h4 Rc8 11. Qd2 Ne5 12. 0-0-0 b5 13. Kb1 b4 14. Nd5 Nxd5 15. exd5 h5 16. Ba6 Nc4 17. Bxc4 Rxc4 18. Qe2 Rc7 19. Nb5 Bxb5 20. Qxb5+ Kf8 21. Qxb4 Qc8 22. Qe4 a5 23. Bd4 a4 1-0

[Event "New York Enhance"]
[Site "New York"]
[Date "1993.??.??"]
[Round "1"]
[White "Vulicevic, Nenad"]
[Black "Sokolin, Leonid M"]
[Result "0-1"]
[WhiteElo "2270"]
[BlackElo "2430"]
[PlyCount "80"]
[EventDate "1993.??.??"]
[EventType "schev"]
[EventRounds "9"]
[EventCountry "USA"]
[SourceTitle "EXT 1997"]
[Source "ChessBase"]
[SourceDate "1996.11.15"]
[SourceVersion "1"]
[SourceVersionDate "1996.11.15"]
[SourceQuality "1"]

1. Nf3 Nf6 2. c4 g6 3. g3 Bg7 4. Bg2 0-0 5. d4 d6 6. 0-0 Nbd7 7. Nc3 e5 8. e4 a6 9. h3 b5 10. cxb5 axb5 11. Re1 c6 12. dxe5 Nxe5 13. Nxe5 dxe5 14. Qc2 Be6 15. Be3 Qb8 16. b3 Rd8 17. Red1 Qb7 18. Rxd8+ Rxd8 19. a4 Ra8 20. Rb1 Bf8 21. axb5 cxb5 22. Qd3 b4 23. Na4 Rc8 24. Rc1 Rxc1+ 25. Bxc1 Qd7 26. Qxd7 Nxd7 27. Nb2 Bxb3 28. Nd3 Bc2 29. Bf1 b3 30. Bb2 Bd6 31. f3 Nb6 32. Kf2 Na4 33. Bc1 Nc3 34. Ke1 Bc7 35. Nb4 Na2 36. Nxc2 Nxc1 37. Bc4 Bd6 38. Kd2 b2 39. Na3 Bxa3 40. Kc2 Kf8 0-1

[Event "New York Marshall"]
[Site "New York"]
[Date "1993.??.??"]
[Round "?"]
[White "Waitzkin, Joshua"]
[Black "Vulicevic, Nenad"]
[Result "1/2-1/2"]
[WhiteElo "2345"]
[BlackElo "2320"]
[PlyCount "91"]
[EventDate "1993.??.??"]
[EventType "tourn"]
[EventRounds "9"]
[EventCountry "USA"]
[SourceTitle "EXT 1999"]
[Source "ChessBase"]
[SourceDate "1998.11.16"]
[SourceVersion "1"]
[SourceVersionDate "1998.11.16"]
[SourceQuality "1"]

1. e4 e6 2. d4 d5 3. exd5 exd5 4. c4 Nf6 5. Nc3 Be7 6. Bd3 dxc4 7. Bxc4 0-0 8. Nge2 Nbd7 9. 0-0 Nb6 10. Bb3 c6 11. Qd3 Nbd5 12. Nf4 Nxf4 13. Bxf4 Bd6 14. Bg3 Nh5 15. Qf3 Bxg3 16. fxg3 Qxd4+ 17. Kh1 Nf6 18. Rad1 Qg4 19. Qe3 Qh5 20. Qe7 Be6 21. Bxe6 fxe6 22. Qxe6+ Kh8 23. Rf5 Rae8 24. Rxh5 Rxe6 25. Rf5 Rfe8 26. h3 g6 27. Ra5 a6 28. g4 R8e7 29. Kh2 Re3 30. Ra4 g5 31. Rad4 Kg7 32. Rd6 Re1 33. R1d2 R1e6 34. Rd8 Re8 35. R8d4 c5 36. R4d3 c4 37. Rd4 b5 38. Nd5 Nxd5 39. Rxd5 h6 40. a4 Re5 41. Rd6 R8e6 42. Rd7+ Kg6 43. axb5 axb5 44. Rb7 Rc5 45. Rf2 Rf6 46. Rd2 1/2-1/2

[Event "New York Marshall CC"]
[Site "New York"]
[Date "1992.??.??"]
[Round "11"]
[White "Bonin, Jay R"]
[Black "Vulicevic, Nenad"]
[Result "1-0"]
[WhiteElo "2405"]
[BlackElo "2320"]
[PlyCount "95"]
[EventDate "1992.??.??"]
[EventType "tourn"]
[EventRounds "13"]
[EventCountry "USA"]
[EventCategory "6"]
[SourceTitle "EXT 1997"]
[Source "ChessBase"]
[SourceDate "1996.11.15"]
[SourceVersion "1"]
[SourceVersionDate "1996.11.15"]
[SourceQuality "1"]

1. d4 Nf6 2. c4 e6 3. Nf3 b6 4. g3 Ba6 5. b3 c6 6. Bg2 Bb4+ 7. Bd2 Be7 8. 0-0 d5 9. Bc3 Nbd7 10. Nbd2 0-0 11. Re1 Bb7 12. e4 dxe4 13. Nxe4 Nxe4 14. Rxe4 Qc7 15. Re1 Rad8 16. Qc2 Nf6 17. Rad1 h6 18. Rd2 c5 19. d5 exd5 20. Rde2 Rfe8 21. Bxf6 gxf6 22. Nh4 d4 23. Qf5 Bc8 24. Qh5 d3 25. Rd2 Bf8 26. Rxe8 Rxe8 27. Bd5 Re5 28. Qg6+ Bg7 29. Qxd3 Re1+ 30. Kg2 Qd7 31. Qg6 Qh3+ 32. Kf3 Re7 33. Qh5 Bd7 34. Be4 Qxh2 35. Qd5 f5 36. Bxf5 Qh1+ 37. Kg4 Bxf5+ 38. Nxf5 Qe4+ 39. Qxe4 Rxe4+ 40. f4 Bd4 41. Nxh6+ Kg7 42. Nf5+ Kf6 43. Kf3 Bc3 44. Kxe4 Bxd2 45. Nd6 Ke6 46. Nc8 f5+ 47. Kf3 Kd7 48. Nxa7 1-0

[Event "New York Enhance MCC"]
[Site "New York"]
[Date "1992.??.??"]
[Round "8"]
[White "Garber, Stanislav"]
[Black "Vulicevic, Nenad"]
[Result "1/2-1/2"]
[WhiteElo "2385"]
[BlackElo "2320"]
[PlyCount "42"]
[EventDate "1992.??.??"]
[EventType "tourn"]
[EventRounds "9"]
[EventCountry "USA"]
[EventCategory "4"]
[SourceTitle "EXT 1997"]
[Source "ChessBase"]
[SourceDate "1996.11.15"]
[SourceVersion "1"]
[SourceVersionDate "1996.11.15"]
[SourceQuality "1"]

1. e4 c5 2. Nf3 e6 3. d4 cxd4 4. Nxd4 Nc6 5. Be2 d6 6. c4 Nf6 7. Nc3 Be7 8. 0-0 0-0 9. Be3 a6 10. f4 Bd7 11. Bf3 Qc7 12. Qe2 Rac8 13. Nxc6 Bxc6 14. Rac1 Qb8 15. b4 b6 16. a4 Nd7 17. Rfd1 Rfd8 18. Qa2 a5 19. bxa5 bxa5 20. Nb5 Bb7 21. Na7 Rc7 1/2-1/2

[Event "New York op"]
[Site "New York"]
[Date "1992.??.??"]
[Round "5"]
[White "Palatnik, Semon"]
[Black "Vulicevic, Nenad"]
[Result "1/2-1/2"]
[WhiteElo "2510"]
[BlackElo "2325"]
[PlyCount "43"]
[EventDate "1992.04.??"]
[EventType "swiss"]
[EventRounds "9"]
[EventCountry "USA"]
[SourceTitle "TD"]
[Source "ChessBase"]
[SourceDate "1994.03.01"]
[SourceVersion "1"]
[SourceVersionDate "1994.03.01"]
[SourceQuality "1"]

1. d4 Nf6 2. c4 e6 3. g3 c5 4. Nf3 cxd4 5. Nxd4 a6 6. Bg2 Be7 7. 0-0 0-0 8. e4 d6 9. Nc3 Qc7 10. Be3 Nc6 11. Rc1 Nxd4 12. Bxd4 Rb8 13. Qe2 Nd7 14. b3 b6 15. f4 Bb7 16. Bh3 Bf6 17. Qd2 Rfd8 18. Rfd1 Bxd4+ 19. Qxd4 Nf6 20. Qe3 Qc5 21. Qxc5 dxc5 22. e5 1/2-1/2

[Event "New York Enhance MCC"]
[Site "New York"]
[Date "1992.??.??"]
[Round "6"]
[White "Sammour Hasbun, Jorge E"]
[Black "Vulicevic, Nenad"]
[Result "0-1"]
[WhiteElo "2350"]
[BlackElo "2320"]
[PlyCount "68"]
[EventDate "1992.??.??"]
[EventType "tourn"]
[EventRounds "9"]
[EventCountry "USA"]
[EventCategory "4"]
[SourceTitle "EXT 1997"]
[Source "ChessBase"]
[SourceDate "1996.11.15"]
[SourceVersion "1"]
[SourceVersionDate "1996.11.15"]
[SourceQuality "1"]

1. e4 c5 2. Nf3 d6 3. d4 cxd4 4. Nxd4 Nf6 5. Nc3 Nc6 6. Bg5 e6 7. Qd2 Be7 8. 0-0-0 0-0 9. Nb3 Qb6 10. f4 Rd8 11. Qe1 a6 12. Be2 h6 13. Bh4 Qe3+ 14. Kb1 Nxe4 15. Nxe4 Qxe4 16. Bxe7 Nxe7 17. Qh4 Re8 18. Bd3 Qa4 19. Rhe1 Bd7 20. Re4 Qc6 21. g4 Ng6 22. Qh5 d5 23. Rb4 Qd6 24. a3 Nxf4 25. Rxf4 Qxf4 26. Rf1 g6 27. Qh3 Qg5 28. Qf3 Rf8 29. Qg3 e5 30. h4 Qxg4 31. Qxe5 Rae8 32. Qxd5 Bc6 33. Qd6 Re6 34. Qc7 Qxh4 0-1

[Event "New York op"]
[Site "New York"]
[Date "1992.??.??"]
[Round "7"]
[White "Shipman, Walter"]
[Black "Vulicevic, Nenad"]
[Result "1/2-1/2"]
[WhiteElo "2305"]
[BlackElo "2325"]
[PlyCount "68"]
[EventDate "1992.04.??"]
[EventType "swiss"]
[EventRounds "9"]
[EventCountry "USA"]
[SourceTitle "TD"]
[Source "ChessBase"]
[SourceDate "1994.03.01"]
[SourceVersion "1"]
[SourceVersionDate "1994.03.01"]
[SourceQuality "1"]

1. d4 Nf6 2. Nc3 c5 3. d5 g6 4. g3 Bg7 5. Bg2 0-0 6. e4 d6 7. a4 e6 8. dxe6 fxe6 9. Nge2 Nc6 10. 0-0 a6 11. Bf4 Ne8 12. Be3 Qe7 13. f4 Rb8 14. Qd2 Kh8 15. Rad1 b5 16. axb5 axb5 17. e5 d5 18. Nxd5 exd5 19. Qxd5 Nd4 20. Nxd4 cxd4 21. Qxd4 Bf5 22. c3 h5 23. Ra1 Nc7 24. Ra7 Rfd8 25. Qc5 Qxc5 26. Bxc5 Ne8 27. Bd4 b4 28. Rfa1 bxc3 29. Bxc3 Rbc8 30. Bb7 Rb8 31. Bc6 Kg8 32. R1a5 Rd1+ 33. Kf2 Rc1 34. Bd5+ Kh8 1/2-1/2